[Event "PARDUBICE OPEN  2007 "]
[Site "CEZ arena,  Pardubice  (CZE)"]
[Date "2007.07.26"]
[Round "7"]
[White "Kopylov, Alexander"]
[Black "Shtyrenkov, Veniamin"]
[Result "0-1"]
[WhiteElo "2305"]
[BlackElo "2435"]
[PlyCount "60"]
[EventDate "2007.07.20"]

1. e4 c5 2. Nc3 Nc6 3. g3 g6 4. Bg2 Bg7 5. d3 Rb8 6. a4 a6 7. Nh3 b5 8. axb5
axb5 9. O-O d6 10. f4 Nd4 11. Nd5 b4 12. f5 Bb7 13. Ne3 Nf6 14. c3 Nc6 15. g4
Nd7 16. Bd2 Nde5 17. Nf4 Ra8 18. g5 Rxa1 19. Qxa1 O-O 20. Qe1 Ba6 21. Qh4 Re8
22. Ned5 Nxd3 23. Nxd3 Bxd3 24. Rf3 Ne5 25. Rh3 h5 26. gxh6 Bf6 27. h7+ Kh8 28.
Bg5 Bxg5 29. Qxg5 e6 30. Nf6 exf5 0-1

[Event "PARDUBICE OPEN  2007 "]
[Site "CEZ arena,  Pardubice  (CZE)"]
[Date "2007.07.26"]
[Round "7"]
[White "Cerveny, Petr"]
[Black "Stark, Lars"]
[Result "1/2-1/2"]
[WhiteElo "2295"]
[BlackElo "2430"]
[PlyCount "67"]
[EventDate "2007.07.20"]

1. Nf3 Nf6 2. c4 e6 3. Nc3 Bb4 4. g4 O-O 5. g5 Ne8 6. Qc2 c5 7. a3 Ba5 8. d4 d6
9. Be3 Qe7 10. O-O-O b6 11. Bg2 Bb7 12. h4 Bxc3 13. Qxc3 f5 14. gxf6 Nxf6 15.
Rdg1 Nc6 16. dxc5 bxc5 17. Ng5 a5 18. Nxe6 Nb4 19. Bxb7 Na2+ 20. Kc2 Nxc3 21.
Rxg7+ Qxg7 22. Nxg7 Rab8 23. Ne6 Rfe8 24. Bc6 Rxe6 25. Kxc3 Kf7 26. Rg1 Rg8 27.
Rxg8 Kxg8 28. b4 axb4+ 29. axb4 cxb4+ 30. Kxb4 Kf8 31. c5 dxc5+ 32. Bxc5+ Kg7
33. Bf3 Kg6 34. Bd4 1/2-1/2

[Event "PARDUBICE OPEN  2007 "]
[Site "CEZ arena,  Pardubice  (CZE)"]
[Date "2007.07.26"]
[Round "7"]
[White "Morawietz, Dieter"]
[Black "Zaremba, Andrei"]
[Result "0-1"]
[WhiteElo "2425"]
[BlackElo "2321"]
[PlyCount "60"]
[EventDate "2007.07.20"]

1. e4 c5 2. Nf3 d6 3. d4 cxd4 4. Nxd4 Nf6 5. Nc3 g6 6. Be3 Bg7 7. f3 O-O 8. Qd2
Nc6 9. Bc4 Bd7 10. Bb3 Qa5 11. O-O-O Rfc8 12. Kb1 Ne5 13. h4 Nc4 14. Bxc4 Rxc4
15. Nb3 Qc7 16. Bd4 Be6 17. h5 Rc8 18. g4 a5 19. hxg6 hxg6 20. a4 b5 21. Nxb5
Qb8 22. Nc3 Rb4 23. Qh2 Bxb3 24. cxb3 e5 25. Be3 Rxc3 26. bxc3 Rxb3+ 27. Ka2
Rxc3 28. Bc1 Qb3+ 29. Ka1 Rc2 30. Qxc2 Qxc2 0-1

[Event "PARDUBICE OPEN  2007 "]
[Site "CEZ arena,  Pardubice  (CZE)"]
[Date "2007.07.26"]
[Round "7"]
[White "Sabol, Marian"]
[Black "Zaitsev, Mikhail"]
[Result "1-0"]
[WhiteElo "2285"]
[BlackElo "2422"]
[PlyCount "147"]
[EventDate "2007.07.20"]

1. d4 d5 2. Nf3 e6 3. g3 Nf6 4. Bg2 Be7 5. O-O O-O 6. c4 c6 7. Nc3 Nbd7 8. b3
b6 9. Bb2 Bb7 10. Rc1 Rc8 11. Qd3 Rc7 12. h3 Qa8 13. Ne5 Nxe5 14. dxe5 dxc4 15.
Qxc4 Nd7 16. Qf4 Rd8 17. Rfd1 Nf8 18. Ne4 Ng6 19. Qg4 c5 20. Rxd8+ Qxd8 21. h4
Bxe4 22. Bxe4 Qd2 23. Rc2 Qd1+ 24. Kg2 Rd7 25. h5 Nf8 26. Qf4 h6 27. Qe3 Qb1
28. Bc1 Qa1 29. f4 Rd1 30. a4 f5 31. Bf3 Kf7 32. Qc3 Qxc3 33. Rxc3 Rd4 34. Kf2
Rd8 35. e3 Nd7 36. Ke2 Nb8 37. Rd3 Rc8 38. e4 Nc6 39. Bb2 fxe4 40. Bxe4 Nd4+
41. Bxd4 cxd4 42. Bg6+ Kf8 43. Rxd4 Rd8 44. Rc4 Bc5 45. a5 Ke7 46. axb6 Bxb6
47. Bd3 Rd7 48. Rc8 Bd8 49. Bc4 Rc7 50. Rb8 Rd7 51. g4 Rd4 52. Ke3 Rd7 53. Kf3
Rc7 54. Bxe6 Rc3+ 55. Ke4 Kxe6 56. Rxd8 Rxb3 57. Rd6+ Ke7 58. Kf5 Rb7 59. Ra6
Kf7 60. g5 hxg5 61. Kxg5 Rc7 62. h6 Kg8 63. hxg7 Rxg7+ 64. Kf5 Rf7+ 65. Ke4 Rb7
66. f5 Kf7 67. Kf4 Re7 68. Rh6 Kg8 69. f6 Rb7 70. e6 Rb8 71. Kf5 Rb1 72. f7+
Kg7 73. Rg6+ Kh7 74. Rf6 1-0

[Event "PARDUBICE OPEN  2007 "]
[Site "CEZ arena,  Pardubice  (CZE)"]
[Date "2007.07.26"]
[Round "7"]
[White "Cifka, Stanislav"]
[Black "Vaznonis, Vytautas"]
[Result "0-1"]
[WhiteElo "2410"]
[BlackElo "2315"]
[PlyCount "58"]
[EventDate "2007.07.20"]

1. e4 e6 2. d4 d5 3. Nc3 Nf6 4. e5 Nfd7 5. f4 c5 6. Nf3 Nc6 7. Be3 cxd4 8. Nxd4
Bc5 9. Qd2 a6 10. O-O-O O-O 11. Kb1 Nxd4 12. Bxd4 b5 13. h4 b4 14. Ne2 a5 15.
Rh3 Ba6 16. h5 Qc7 17. g4 a4 18. Bxc5 Nxc5 19. Qxb4 Ne4 20. Ra3 Rfc8 21. Ka1
Rab8 22. Qxa4 Bb5 23. Qd4 Bxe2 24. Bxe2 Qxc2 25. Rb1 Qxe2 26. Re3 Qc2 27. Rd3
Ra8 28. Qe3 h6 29. g5 Nd2 0-1

[Event "PARDUBICE OPEN  2007 "]
[Site "CEZ arena,  Pardubice  (CZE)"]
[Date "2007.07.26"]
[Round "7"]
[White "Rudolf, Anna"]
[Black "Cernousek, Lukas"]
[Result "0-1"]
[WhiteElo "2275"]
[BlackElo "2405"]
[PlyCount "104"]
[EventDate "2007.07.20"]

1. e4 c5 2. Nf3 d6 3. d4 Nf6 4. Nc3 cxd4 5. Nxd4 g6 6. Be3 Bg7 7. f3 O-O 8. Bc4
Nc6 9. Qd2 Bd7 10. O-O-O Rb8 11. Bb3 Na5 12. Bh6 Bxh6 13. Qxh6 b5 14. g4 b4 15.
Nd5 e5 16. Nf5 Bxf5 17. gxf5 Nxb3+ 18. axb3 Nxd5 19. Rxd5 Rb6 20. h4 Kh8 21. f6
Rg8 22. Qg5 Rc6 23. Rh2 Qb6 24. Kb1 Qa6 25. Qg1 h6 26. Rhd2 Re8 27. h5 g5 28.
Qg4 Re6 29. Qf5 Qf1+ 30. Rd1 Qf2 31. R5d2 Qc5 32. Rg2 Qe3 33. Rgd2 Qf4 34. Qxf4
exf4 35. Rd5 Rxf6 36. Rb5 Rb6 37. Rxb6 axb6 38. Kc1 Kg7 39. Kd2 Re6 40. Ra1 f5
41. exf5 Re3 42. Ra4 Rxf3 43. Rxb4 Kf6 44. Rxb6 Kxf5 45. Rxd6 g4 46. Rxh6 g3
47. Rg6 Rf2+ 48. Kd3 g2 49. Kd4 Rd2+ 50. Kc3 Re2 51. Kd4 f3 52. Kd3 Re1 0-1

[Event "PARDUBICE OPEN  2007 "]
[Site "CEZ arena,  Pardubice  (CZE)"]
[Date "2007.07.26"]
[Round "7"]
[White "Vymazal, Bronislav"]
[Black "Klima, Lukas"]
[Result "0-1"]
[WhiteElo "2273"]
[BlackElo "2405"]
[PlyCount "130"]
[EventDate "2007.07.20"]

1. e4 c5 2. Nf3 Nc6 3. Bb5 g6 4. O-O Bg7 5. c3 Nf6 6. Qa4 Qc7 7. Re1 e5 8. d4
cxd4 9. cxd4 exd4 10. e5 Nd5 11. Qb3 Nde7 12. Bf4 O-O 13. Nbd2 Na5 14. Qa3 Nd5
15. Bg3 Qb6 16. Bf1 Nb4 17. Rac1 d5 18. e6 Nbc6 19. Bd6 Bxe6 20. Bc5 Qd8 21.
Bxf8 Bxf8 22. Qa4 a6 23. Nxd4 Nxd4 24. Qxd4 Nc6 25. Qf4 Bd6 26. Qa4 Ne5 27. Qd1
Qb6 28. Nf3 Ng4 29. Re2 Bc5 30. Qe1 Bf5 31. a3 a5 32. Rd2 Nf6 33. Bd3 Re8 34.
Qf1 Ne4 35. Bxe4 dxe4 36. Rdc2 Bd6 37. Nh4 Bd7 38. g3 Bb5 39. Qg2 Bd3 40. Rc8
Rxc8 41. Rxc8+ Kg7 42. b4 axb4 43. axb4 Qxb4 44. h3 Qe1+ 45. Kh2 b5 46. f4 Be7
47. Qb2+ Bf6 48. Ng2 Qxg3+ 49. Kxg3 Bxb2 50. Ne1 Bc4 51. Nc2 Bc3 52. Kf2 Bd2
53. Ne3 Be6 54. Rb8 b4 55. Ke2 Bc3 56. Nd1 Bxh3 57. Nxc3 bxc3 58. Rb3 Bg4+ 59.
Ke3 c2 60. Rc3 Bd1 61. Kxe4 h5 62. f5 Bg4 63. fxg6 Kxg6 64. Kf4 Bf5 65. Ke5 h4
0-1

[Event "PARDUBICE OPEN  2007 "]
[Site "CEZ arena,  Pardubice  (CZE)"]
[Date "2007.07.26"]
[Round "7"]
[White "Aliavdin, Nikolai"]
[Black "Holmsgaard, Henrik"]
[Result "0-1"]
[WhiteElo "2403"]
[BlackElo "2294"]
[PlyCount "70"]
[EventDate "2007.07.20"]

1. e4 c5 2. Nf3 Nc6 3. d4 cxd4 4. Nxd4 Nf6 5. Nc3 e5 6. Ndb5 d6 7. Bg5 a6 8.
Na3 b5 9. Nd5 Be7 10. Bxf6 Bxf6 11. c3 Bg5 12. Nc2 Ne7 13. h4 Bh6 14. a4 bxa4
15. Ncb4 O-O 16. Qxa4 a5 17. Bb5 Nxd5 18. Nxd5 f5 19. exf5 Bxf5 20. Bc6 Rb8 21.
g4 Bg6 22. g5 Bxg5 23. hxg5 Rxb2 24. Qc4 Kh8 25. Rg1 Qb8 26. Ba4 Qa7 27. Ne3
Rbxf2 28. Rg3 Qb7 29. Rh3 Qb2 30. Rd1 R2f4 31. Qe2 Qxc3+ 32. Qd2 Rf1+ 33. Nxf1
Qxh3 34. Qxd6 Rxf1+ 35. Kd2 Rf2+ 0-1

[Event "PARDUBICE OPEN  2007 "]
[Site "CEZ arena,  Pardubice  (CZE)"]
[Date "2007.07.26"]
[Round "7"]
[White "Arslanov, Shamil"]
[Black "Shevtsov, Nikoliy"]
[Result "1-0"]
[WhiteElo "2266"]
[BlackElo "2400"]
[PlyCount "47"]
[EventDate "2007.07.20"]

1. e4 c5 2. c3 Nf6 3. e5 Nd5 4. d4 cxd4 5. Nf3 Nc6 6. cxd4 d6 7. Bc4 Nb6 8. Bb3
d5 9. Nh4 e6 10. Nf3 Be7 11. Nc3 Bd7 12. O-O Rc8 13. g3 Nc4 14. h4 h6 15. Kg2
N6a5 16. Bc2 b5 17. Rh1 b4 18. Ne2 Bb5 19. g4 Qc7 20. Bd3 Qc6 21. b3 Nb6 22.
Be3 Bxd3 23. Qxd3 Kd7 24. Qa6 1-0

[Event "PARDUBICE OPEN  2007 "]
[Site "CEZ arena,  Pardubice  (CZE)"]
[Date "2007.07.26"]
[Round "7"]
[White "Polschikov, Alexey"]
[Black "Anoshkin, Alexander"]
[Result "0-1"]
[WhiteElo "2270"]
[BlackElo "2386"]
[PlyCount "92"]
[EventDate "2007.07.20"]

1. e4 c5 2. Nf3 Nc6 3. Bb5 g6 4. O-O Bg7 5. Re1 e5 6. b4 Nxb4 7. Bb2 a6 8. a3
axb5 9. axb4 Rxa1 10. Bxa1 d6 11. bxc5 Ne7 12. cxd6 Qxd6 13. d4 exd4 14. Bxd4
O-O 15. Nc3 Bxd4 16. Nxd4 b4 17. e5 Qc5 18. Ncb5 Nf5 19. Qa1 Nxd4 20. Nxd4 Re8
21. Re3 Rd8 22. Re4 b5 23. e6 Bxe6 24. Nxe6 fxe6 25. Rxe6 Qxc2 26. Re1 Qd3 27.
Qb1 b3 28. h4 Qc2 29. Rc1 Qxb1 30. Rxb1 Rd3 31. Kf1 Kf7 32. Rb2 Kf6 33. Ke2 Rc3
34. Kd2 b4 35. Kd1 Ke5 36. Rd2 Ke4 37. f3+ Ke3 38. Re2+ Kd3 39. Rd2+ Kc4 40. f4
Rd3 41. Ke2 Rxd2+ 42. Kxd2 Kd4 43. g4 Ke4 44. f5 gxf5 45. g5 f4 46. h5 Kf5 0-1

[Event "PARDUBICE OPEN  2007 "]
[Site "CEZ arena,  Pardubice  (CZE)"]
[Date "2007.07.26"]
[Round "7"]
[White "Okara, Andrei"]
[Black "Majer-Jun., Jiri"]
[Result "1-0"]
[WhiteElo "2382"]
[BlackElo "2284"]
[PlyCount "99"]
[EventDate "2007.07.20"]

1. e4 Nf6 2. e5 Nd5 3. d4 d6 4. Nf3 Bg4 5. Be2 e6 6. O-O Be7 7. c4 Nb6 8. exd6
cxd6 9. b3 O-O 10. Bb2 Bxf3 11. Bxf3 d5 12. c5 Nc8 13. b4 Nc6 14. b5 Na5 15.
Nd2 b6 16. Qc2 Bf6 17. Be2 Ne7 18. c6 Nf5 19. Nf3 Qc7 20. Bd3 g6 21. g3 Bg7 22.
a4 Nd6 23. Bc3 Nac4 24. Qb3 a5 25. Ne5 Rad8 26. Rad1 Rfe8 27. Rfe1 Rf8 28. Qa2
Rfe8 29. Qa1 Nxe5 30. dxe5 Nc8 31. Bd4 Bf8 32. Qc1 Bb4 33. Re2 Bf8 34. Qe3 Bg7
35. Kg2 Rf8 36. h4 Rde8 37. h5 Re7 38. Rh1 Ree8 39. Rh3 Re7 40. Re1 f5 41. exf6
Bxf6 42. Bxf6 Rxf6 43. hxg6 hxg6 44. Reh1 Rg7 45. Qh6 Qe5 46. Qh8+ Kf7 47. Rh7
Rxf2+ 48. Kxf2 Qb2+ 49. Be2 Qd4+ 50. Kf1 1-0

[Event "PARDUBICE OPEN  2007 "]
[Site "CEZ arena,  Pardubice  (CZE)"]
[Date "2007.07.26"]
[Round "7"]
[White "Schneider, David"]
[Black "Kireev, Alexey"]
[Result "1-0"]
[WhiteElo "2199"]
[BlackElo "2380"]
[PlyCount "87"]
[EventDate "2007.07.20"]

1. e4 d6 2. d4 g6 3. Nc3 c6 4. f4 d5 5. e5 h5 6. Nf3 Nh6 7. Be3 Bg4 8. h3 Nf5
9. Bf2 Bxf3 10. Qxf3 h4 11. Bd3 e6 12. O-O Nd7 13. Ne2 Be7 14. b3 Kf8 15. c4
Kg7 16. Rfc1 Qa5 17. a3 Rhc8 18. b4 Qd8 19. c5 Qc7 20. a4 b6 21. b5 Nb8 22. Kh2
Qd8 23. Rc2 a6 24. cxb6 Qxb6 25. a5 Qb7 26. b6 Rh8 27. Rac1 Bb4 28. Be1 Qe7 29.
Bxf5 Bxe1 30. Rxe1 Qb4 31. Qc3 Qxc3 32. Nxc3 exf5 33. Na4 Re8 34. Nc5 Re7 35.
e6 Kf8 36. Rce2 f6 37. g3 hxg3+ 38. Kxg3 Kg7 39. Kf3 Kh6 40. Rg1 Kh5 41. h4 Kh6
42. h5 g5 43. fxg5+ fxg5 44. Re5 1-0

[Event "PARDUBICE OPEN  2007 "]
[Site "CEZ arena,  Pardubice  (CZE)"]
[Date "2007.07.26"]
[Round "7"]
[White "Sveshnikov, Vladimir"]
[Black "Vanek, Tomas"]
[Result "1/2-1/2"]
[WhiteElo "2378"]
[BlackElo "2271"]
[PlyCount "86"]
[EventDate "2007.07.20"]

1. e4 d6 2. d4 g6 3. Nc3 Bg7 4. f4 e6 5. Nf3 f5 6. e5 Ne7 7. Be3 a6 8. Bd3 Nbc6
9. O-O O-O 10. Nb1 Nd5 11. Bd2 dxe5 12. dxe5 Bh6 13. g3 b5 14. a4 b4 15. c4
bxc3 16. Nxc3 Rb8 17. Rb1 Ndb4 18. Be2 Qe7 19. Be3 Rd8 20. Qc1 Na5 21. Rd1 Bb7
22. Rxd8+ Rxd8 23. Qf1 c5 24. Rd1 Bf8 25. Rxd8 Qxd8 26. Qd1 Qc7 27. Bf1 Be7 28.
Bf2 Bc6 29. h4 h6 30. Bg2 Nd5 31. Nxd5 Bxd5 32. Nd2 Qb7 33. Bxd5 Qxd5 34. Qc2
Nc6 35. Be3 Nd4 36. Qc4 Nf3+ 37. Kf2 Nxd2 38. Qxd5 exd5 39. Bxd2 Kf7 40. b3 Ke6
41. Ke2 d4 42. Kd3 Kd5 43. Be1 Bd8 1/2-1/2

[Event "PARDUBICE OPEN  2007 "]
[Site "CEZ arena,  Pardubice  (CZE)"]
[Date "2007.07.26"]
[Round "7"]
[White "Stupak, Kirill"]
[Black "Vavra, Pavel"]
[Result "1-0"]
[WhiteElo "2377"]
[BlackElo "2268"]
[PlyCount "85"]
[EventDate "2007.07.20"]

1. d4 e6 2. Nf3 b6 3. g3 Bb7 4. Bg2 f5 5. O-O Nf6 6. c4 Be7 7. d5 O-O 8. Nd4
Qc8 9. Nc3 Na6 10. e4 Nxe4 11. Nxe4 fxe4 12. Bxe4 Nc5 13. Bg2 exd5 14. cxd5 Ba6
15. Re1 Bf6 16. Re3 Qb7 17. b4 Bc4 18. bxc5 bxc5 19. Qc2 Bxd4 20. Qxc4 d6 21.
Rb3 Qc8 22. Bb2 Bxf2+ 23. Kh1 a5 24. Rf1 a4 25. Rf3 Rxf3 26. Bxf3 Bxg3 27. Bg4
Qb7 28. Be6+ Kh8 29. Bxg7+ Kxg7 30. Qg4+ Kh8 31. Qxg3 Qb4 32. a3 Qe4+ 33. Qf3
Qe5 34. Qf4 Qb2 35. Rg1 Qe5 36. Qxe5+ dxe5 37. Rc1 Ra5 38. Rc4 Kg7 39. Bd7 Kf6
40. Rxa4 Rxa4 41. Bxa4 c4 42. Kg2 Ke7 43. Kf3 1-0

[Event "PARDUBICE OPEN  2007 "]
[Site "CEZ arena,  Pardubice  (CZE)"]
[Date "2007.07.26"]
[Round "7"]
[White "Stanetzek, Carsten"]
[Black "Tikkanen, Hans"]
[Result "1/2-1/2"]
[WhiteElo "2260"]
[BlackElo "2365"]
[PlyCount "68"]
[EventDate "2007.07.20"]

1. e4 g6 2. d4 Bg7 3. Nf3 d6 4. Be2 Nf6 5. Nc3 c6 6. O-O O-O 7. Re1 Qc7 8. a4
e5 9. h3 Nbd7 10. Be3 Re8 11. Bc4 Nf8 12. Bb3 Be6 13. d5 Bd7 14. a5 c5 15. Bc4
h6 16. Nd2 Nh5 17. a6 Rab8 18. axb7 Rxb7 19. b3 Nh7 20. Ra6 Bf8 21. Qa1 Ra8 22.
Qa5 Qb8 23. Ra1 f5 24. f3 f4 25. Bf2 Be7 26. Kf1 N7f6 27. Qa2 Kg7 28. Ra3 Ng3+
29. Ke1 Nh1 30. Ba6 Rb4 31. Bg1 Ne8 32. Bd3 Rb7 33. Ba6 Rb4 34. Bd3 Rb7 1/2-1/2

[Event "PARDUBICE OPEN  2007 "]
[Site "CEZ arena,  Pardubice  (CZE)"]
[Date "2007.07.26"]
[Round "7"]
[White "Van, Oosterom Chiel"]
[Black "Zickus, Simonas"]
[Result "1-0"]
[WhiteElo "2358"]
[BlackElo "2223"]
[PlyCount "65"]
[EventDate "2007.07.20"]

1. e4 d6 2. d4 Nf6 3. Nc3 g6 4. Be3 a6 5. f3 Nbd7 6. g4 e5 7. Qd2 b5 8. h4 c5
9. dxc5 dxc5 10. a4 b4 11. Nd5 Bb7 12. Bc4 Nxd5 13. Bxd5 Qc7 14. O-O-O Bxd5 15.
Qxd5 Nb6 16. Qa2 a5 17. Ne2 Rc8 18. c4 h5 19. b3 Rd8 20. gxh5 Rxh5 21. Ng3 Bh6
22. Bxh6 Rxh6 23. h5 Rd4 24. hxg6 Rxd1+ 25. Rxd1 fxg6 26. Qd2 Rh3 27. Qg5 Kf7
28. Nf5 Rh5 29. Qg4 Rh8 30. Rd6 Rh1+ 31. Kc2 gxf5 32. Qg6+ Ke7 33. Re6+ 1-0

[Event "PARDUBICE OPEN  2007 "]
[Site "CEZ arena,  Pardubice  (CZE)"]
[Date "2007.07.26"]
[Round "7"]
[White "Soural, Jan"]
[Black "Ruijgrok, Dennis"]
[Result "1-0"]
[WhiteElo "2160"]
[BlackElo "2355"]
[PlyCount "31"]
[EventDate "2007.07.20"]

1. d4 f5 2. Bg5 c5 3. dxc5 Qc7 4. e3 Qxc5 5. Nd2 g6 6. Nb3 Qc7 7. h4 Bg7 8. c3
e5 9. h5 b6 10. hxg6 d6 11. Qd5 Bf6 12. Bh6 Nc6 13. Bg5 Kf8 14. Bxf6 Be6 15.
Qxe6 Qf7 16. Qxf7# 1-0

[Event "PARDUBICE OPEN  2007 "]
[Site "CEZ arena,  Pardubice  (CZE)"]
[Date "2007.07.26"]
[Round "7"]
[White "Varga, Csaba Zoltan"]
[Black "Alaguzov, Maxat"]
[Result "1/2-1/2"]
[WhiteElo "2349"]
[BlackElo "2200"]
[PlyCount "92"]
[EventDate "2007.07.20"]

1. d4 Nf6 2. c4 c5 3. d5 b5 4. cxb5 a6 5. bxa6 g6 6. Nc3 Bxa6 7. g3 Bg7 8. d6
Nc6 9. Bg2 O-O 10. Nf3 Re8 11. O-O exd6 12. Qxd6 Bf8 13. Qf4 Bxe2 14. Nxe2 Rxe2
15. Qc4 Re4 16. Qc3 Be7 17. Bh6 Qa5 18. Qc2 d5 19. Nd2 Nd4 20. Qd1 Re6 21. Nb3
Nxb3 22. axb3 Qxa1 23. Qxa1 Rxa1 24. Rxa1 Bf8 25. Bg5 Ne4 26. Bf4 Kg7 27. Rd1
d4 28. b4 f5 29. Kf1 Kf7 30. Bc7 Rc6 31. Be5 Rb6 32. bxc5 Bxc5 33. Rc1 Rb5 34.
f3 Nd2+ 35. Ke2 Rxb2 36. Kd3 Nb3 37. Rc2 Rxc2 38. Kxc2 Na5 39. f4 Ke6 40. Kd3
Bb6 41. Bxd4 Bxd4 42. Kxd4 Nb3+ 43. Kc4 Nc1 44. Bd5+ Kf6 45. Kd4 Ne2+ 46. Ke3
Nc3 1/2-1/2

[Event "PARDUBICE OPEN  2007 "]
[Site "CEZ arena,  Pardubice  (CZE)"]
[Date "2007.07.26"]
[Round "7"]
[White "Vokac, Marek"]
[Black "Varitski, Igor"]
[Result "1-0"]
[WhiteElo "2443"]
[BlackElo "2310"]
[PlyCount "99"]
[EventDate "2007.07.20"]

1. b3 f5 2. Bb2 Nf6 3. g3 d6 4. d4 d5 5. Bg2 e6 6. Nf3 c6 7. O-O Bd6 8. Nbd2
O-O 9. Ne5 Bd7 10. c4 Be8 11. Qc2 Ne4 12. Nxe4 fxe4 13. f3 exf3 14. exf3 Nd7
15. Nd3 Bg6 16. Rad1 Qf6 17. Qe2 Rae8 18. Ne5 Nxe5 19. dxe5 Bc5+ 20. Bd4 Qe7
21. Bxc5 Qxc5+ 22. Qf2 Qa5 23. cxd5 cxd5 24. Rd2 Rc8 25. Bh3 Rc6 26. f4 Be4 27.
Bg2 Bf5 28. Bf3 Bg6 29. Rfd1 Kh8 30. h4 h6 31. h5 Bh7 32. Re2 Rfc8 33. Rdd2 Qb4
34. Kh2 a5 35. Rd4 Qb5 36. g4 Bd3 37. Rd2 Rc2 38. Kg3 Rxd2 39. Qxd2 Bh7 40. f5
exf5 41. Rxd5 Qe8 42. Qd4 Bg8 43. Rd6 fxg4 44. Bxg4 Rc1 45. Rxh6+ Bh7 46. Rd6
Rg1+ 47. Kh3 Rxg4 48. Kxg4 Bg8 49. Kg3 Qe7 50. Qf4 1-0

[Event "PARDUBICE OPEN  2007 "]
[Site "CEZ arena,  Pardubice  (CZE)"]
[Date "2007.07.26"]
[Round "7"]
[White "Ramesa, Davor"]
[Black "Pokazanjev, Nikolai"]
[Result "1/2-1/2"]
[WhiteElo "2310"]
[BlackElo "2443"]
[PlyCount "102"]
[EventDate "2007.07.20"]

1. Nf3 Nf6 2. c4 c5 3. Nc3 Nc6 4. e3 e5 5. Qc2 Be7 6. a3 O-O 7. Be2 Re8 8. O-O
h6 9. d3 d5 10. cxd5 Nxd5 11. Ne4 Qb6 12. b3 Be6 13. Bb2 f5 14. Ned2 Qc7 15.
Rac1 Rac8 16. Qb1 Qb8 17. Qa1 Bd6 18. Nc4 Bf7 19. Nxd6 Qxd6 20. Rc2 f4 21. e4
Nb6 22. Rfc1 Nd4 23. Bxd4 cxd4 24. Rxc8 Rxc8 25. Rxc8+ Nxc8 26. Qc1 Ne7 27. b4
Kf8 28. Bd1 Bh5 29. Nd2 Bxd1 30. Qxd1 Qc7 31. h4 g6 32. Nf3 Kg7 33. Qa4 a6 34.
Qe8 Nc6 35. Qe6 Qf7 36. Qd6 Qf6 37. Qd7+ Qf7 38. Qc8 Qe7 39. g4 fxg3 40. fxg3
Na7 41. Qc4 Nc6 42. b5 axb5 43. Qxb5 g5 44. hxg5 hxg5 45. Kg2 g4 46. Nh4 Kf6
47. Qb3 Qc5 48. Qxb7 Qc2+ 49. Kh1 Qc1+ 50. Kh2 Qd2+ 51. Ng2 Qh6+ 1/2-1/2

[Event "PARDUBICE OPEN  2007 "]
[Site "CEZ arena,  Pardubice  (CZE)"]
[Date "2007.07.26"]
[Round "7"]
[White "Neuman, Petr"]
[Black "Gomez, Anadon Daniel"]
[Result "1/2-1/2"]
[WhiteElo "2437"]
[BlackElo "2305"]
[PlyCount "89"]
[EventDate "2007.07.20"]

1. d4 d5 2. c4 e6 3. Nc3 c6 4. cxd5 exd5 5. Bf4 Nf6 6. e3 Bf5 7. Bd3 Bxd3 8.
Qxd3 Bd6 9. Bg3 O-O 10. Nge2 Re8 11. O-O Ne4 12. Nxe4 Rxe4 13. f3 Re8 14. e4
Bxg3 15. Nxg3 Nd7 16. e5 c5 17. f4 cxd4 18. Qxd4 Qb6 19. Rad1 g6 20. Rf2 Qxd4
21. Rxd4 Nb6 22. Nf1 f6 23. exf6 Kf7 24. g4 Kxf6 25. g5+ Kg7 26. f5 gxf5 27.
Ng3 Kg6 28. Rxf5 Rf8 29. Rdf4 Rxf5 30. Rxf5 Rc8 31. h4 Kg7 32. h5 Rc7 33. Re5
Rd7 34. Re6 d4 35. Nf5+ Kf7 36. Rh6 Kg8 37. g6 d3 38. gxh7+ Rxh7 39. Rxh7 Kxh7
40. Kf2 Na4 41. b3 Nc3 42. Ke3 Nxa2 43. Kxd3 Nc1+ 44. Kc4 b5+ 45. Kxb5 1/2-1/2

[Event "PARDUBICE OPEN  2007 "]
[Site "CEZ arena,  Pardubice  (CZE)"]
[Date "2007.07.26"]
[Round "7"]
[White "Mickevicius, Juras"]
[Black "Biolek, Richard"]
[Result "1/2-1/2"]
[WhiteElo "2309"]
[BlackElo "2436"]
[PlyCount "89"]
[EventDate "2007.07.20"]

1. d4 d5 2. c4 Nc6 3. cxd5 Qxd5 4. e3 e5 5. Nc3 Bb4 6. a3 Bxc3+ 7. bxc3 Nf6 8.
Nf3 e4 9. c4 Qh5 10. Ng1 Qxd1+ 11. Kxd1 Bf5 12. Ne2 O-O-O 13. Bd2 h5 14. Rb1 h4
15. Rb5 Bd7 16. h3 Rhe8 17. Kc1 Nb8 18. Rb2 c5 19. d5 Re5 20. Nc3 Na6 21. Nb5
Bxb5 22. Rxb5 Rh8 23. Be2 Rg5 24. Rg1 Nd7 25. Bc3 Ne5 26. Bxe5 Rxe5 27. Kd2 Rg5
28. a4 Kc7 29. a5 f5 30. f3 Rh6 31. fxe4 fxe4 32. Bg4 Rf6 33. Ke2 Rgg6 34. Rgb1
b6 35. axb6+ axb6 36. R5b3 Nb4 37. Ra1 b5 38. cxb5 Kb6 39. Rc1 Kxb5 40. Rbc3
Kb6 41. Rc4 Nxd5 42. Rxc5 Rc6 43. Rxc6+ Rxc6 44. Rxc6+ Kxc6 45. Bf5 1/2-1/2

[Event "PARDUBICE OPEN  2007 "]
[Site "CEZ arena,  Pardubice  (CZE)"]
[Date "2007.07.26"]
[Round "7"]
[White "Stachowiak, Kamil"]
[Black "Can, Emre"]
[Result "0-1"]
[WhiteElo "2301"]
[BlackElo "2411"]
[PlyCount "102"]
[EventDate "2007.07.20"]

1. e4 e6 2. d4 d5 3. e5 c5 4. c3 Nc6 5. Nf3 Bd7 6. a3 f6 7. b4 fxe5 8. dxe5 Qc7
9. Bf4 Nh6 10. Bd3 Nf7 11. O-O O-O-O 12. Re1 Be7 13. c4 g5 14. Bg3 dxc4 15.
Bxc4 h5 16. h4 gxh4 17. Nxh4 Rdg8 18. Nc3 Rg4 19. Re4 Bxh4 20. Bxh4 Rhg8 21.
Bg3 Ncxe5 22. Nb5 Qb6 23. bxc5 Qxc5 24. Rc1 Nxc4 25. Rcxc4 Qxc4 26. Rxc4+ Rxc4
27. Nxa7+ Kd8 28. Qf3 Ke7 29. Qxb7 h4 30. Bc7 Nh6 31. g3 h3 32. Ba5 Ng4 33.
Bb4+ Ke8 34. Qa8+ Kf7 35. Qf3+ Ke8 36. Qa8+ Kf7 37. Qf3+ Kg7 38. Bd2 Rf8 39.
Qb3 Rc7 40. Qb6 Rc4 41. Qd6 h2+ 42. Kh1 Rxf2 43. Qxd7+ Rf7 44. Bc3+ e5 45.
Bxe5+ Nxe5 46. Qd5 Rf5 47. Qb7+ Kg6 48. Nc8 Rc1+ 49. Kxh2 Rc2+ 50. Kg1 Nf3+ 51.
Kf1 Nh2+ 0-1

[Event "PARDUBICE OPEN  2007 "]
[Site "CEZ arena,  Pardubice  (CZE)"]
[Date "2007.07.26"]
[Round "7"]
[White "Armbrust, Florian"]
[Black "Fedorovsky, Michail"]
[Result "1/2-1/2"]
[WhiteElo "2300"]
[BlackElo "2400"]
[PlyCount "47"]
[EventDate "2007.07.20"]

1. e4 c5 2. Nc3 Nc6 3. Bb5 Nd4 4. Bc4 e6 5. Nf3 Nf6 6. O-O a6 7. d3 b5 8. Bb3
Nxb3 9. axb3 Bb7 10. e5 Nd5 11. Ne4 f5 12. exf6 Nxf6 13. Nfg5 Be7 14. Nxf6+
Bxf6 15. Qh5+ g6 16. Qh6 Qe7 17. Ne4 Bg7 18. Qf4 e5 19. Qg4 d6 20. Bg5 Qd7 21.
Qf3 Rb8 22. c4 Rf8 23. Qe3 Kf7 24. Kh1 1/2-1/2